Guess my freunde - Statistiken

Allgemein
  • Dieses Quiz wurde 5 mal gespielt
  • Das Durchschnittsergebnis liegt bei 2 aus 15
Antwortstatistiken
Hint Antwort % Korrekt
1 Nicht du
100%
14 Joey
50%
5 Lenar
50%
7 Brucki
0%
9 Deine mutter
0%
4 Kamilli
0%
13 Laurastern
0%
11 Mama
0%
6 Marey
0%
2 Nicht zümra
0%
12 Papa
0%
15 Rachel
0%
8 Taylor swift
0%
10 Tom holland
0%
3 ZÜMBRA
0%
Keine übereinstimmenden Quizze gefunden
Verteilung der Resultate
Anzahl Personen mit jedem Resultat
Perzentil nach korrekt beantworteten Fragen
Ihre Resultats-Entwicklung
Sie haben dieses Quiz noch nicht gespielt